00681 2200241 4500001002100000005001500021035002000036007000300056008004100059020002200100082001500122084002100137100002000158245009200178260003800270300004300308650001700351650002400368250001100392990001200403990001200415990001200427INLIS00000000001402320260416083047 a0010-0126000230ta260416 0  a978-602-0924-75-5 a959.847 62 a959.847 62 IRF k0 aIrfan Mahmud, M1 aKota Watampone :bBiografi Lanskap Dari Abad Ke-14 Hingga Abad Ke-21 /cM. Irfan Mahmud aMakassar :bMasagena Press,c2021 axxxvi + 390 hlm :bIlus. ;c14 x 23 cm 4aSejarah Bone 4aKoleksi Karya Lokal aCet. 1 a21693.1 a21693.2 a21693.3